<?xml version="1.0" encoding="UTF-8"?>
<record
    xmlns:xsi="http://www.w3.org/2001/XMLSchema-instance"
    xsi:schemaLocation="http://www.loc.gov/MARC21/slim http://www.loc.gov/standards/marcxml/schema/MARC21slim.xsd"
    xmlns="http://www.loc.gov/MARC21/slim">

  <leader>00948nam a2200241 i 4500</leader>
  <controlfield tag="001">149126</controlfield>
  <controlfield tag="003">ES-MaACL</controlfield>
  <controlfield tag="005">20260104152443.0</controlfield>
  <controlfield tag="007">t|</controlfield>
  <controlfield tag="008">070214s1980    be           |||| | mul d</controlfield>
  <datafield tag="111" ind1="2" ind2=" ">
    <subfield code="a">Symposium Aristotelicum </subfield>
    <subfield code="n">(2&#xBA;. </subfield>
    <subfield code="d">1960. </subfield>
    <subfield code="c">Lovaina, B&#xE9;lgica)</subfield>
    <subfield code="9">174669</subfield>
  </datafield>
  <datafield tag="245" ind1="1" ind2="0">
    <subfield code="a">Aristote et les probl&#xE8;mes de m&#xE9;thode : </subfield>
    <subfield code="b">communications pr&#xE9;sent&#xE9;es au "Symposium Aristotelicum" tenu &#xE1; Louvain, du 24 ao&#xFB;t au 1er septembre 1960.</subfield>
  </datafield>
  <datafield tag="250" ind1=" " ind2=" ">
    <subfield code="a">2&#xE8; &#xE9;d.</subfield>
  </datafield>
  <datafield tag="260" ind1=" " ind2=" ">
    <subfield code="a">Louvain-la-Neuve : </subfield>
    <subfield code="b">Institut Sup&#xE9;rieur de Philosophie, </subfield>
    <subfield code="c">1980.</subfield>
  </datafield>
  <datafield tag="300" ind1=" " ind2=" ">
    <subfield code="a">362 p. ; </subfield>
    <subfield code="c">24 cm.</subfield>
  </datafield>
  <datafield tag="490" ind1="1" ind2=" ">
    <subfield code="a">Aristote: traductions et &#xE9;tudes</subfield>
  </datafield>
  <datafield tag="546" ind1=" " ind2=" ">
    <subfield code="a">Texto en franc&#xE9;s, ingl&#xE9;s y alem&#xE1;n.</subfield>
  </datafield>
  <datafield tag="600" ind1="0" ind2="4">
    <subfield code="a">Arist&#xF3;teles-</subfield>
    <subfield code="x">Cr&#xED;tica e interpretaci&#xF3;n.</subfield>
    <subfield code="9">22862</subfield>
  </datafield>
  <datafield tag="710" ind1="2" ind2=" ">
    <subfield code="a">Institut Sup&#xE9;rieur de Philosophie (Louvain)</subfield>
    <subfield code="9">4772</subfield>
  </datafield>
  <datafield tag="830" ind1="1" ind2=" ">
    <subfield code="a">Aristote: traductions et &#xE9;tudes</subfield>
    <subfield code="9">184405</subfield>
  </datafield>
  <datafield tag="852" ind1="4" ind2=" ">
    <subfield code="a">ES-MaACL</subfield>
    <subfield code="j">L-11875</subfield>
  </datafield>
  <datafield tag="999" ind1=" " ind2=" ">
    <subfield code="c">149126</subfield>
    <subfield code="d">149126</subfield>
  </datafield>
  <datafield tag="952" ind1=" " ind2=" ">
    <subfield code="0">0</subfield>
    <subfield code="1">0</subfield>
    <subfield code="4">0</subfield>
    <subfield code="7">0</subfield>
    <subfield code="a">ATENEOM</subfield>
    <subfield code="b">ATENEOM</subfield>
    <subfield code="c">DEPO2</subfield>
    <subfield code="d">2008-01-17</subfield>
    <subfield code="e">SC</subfield>
    <subfield code="l">0</subfield>
    <subfield code="o">L-11875</subfield>
    <subfield code="p">1155616</subfield>
    <subfield code="r">2023-02-23 00:00:00</subfield>
    <subfield code="w">2023-02-23</subfield>
    <subfield code="y">MONOGRAFIA</subfield>
  </datafield>
</record>
